| 000 | 00619nam a2200169 4500 | ||
|---|---|---|---|
| 001 | 111265 | ||
| 003 | ES-MaACL | ||
| 005 | 20230906185255.0 | ||
| 007 | t| | ||
| 008 | 061121s1979 sp r ||||1| spa d | ||
| 100 | 1 |
_aNegrín Fajardo, Olegario. _985310 |
|
| 245 | 1 | 4 |
_aLas alternativas al sistema educativo _b: tesis pedagógicas básicas y principios didácticos / _cpor Olegario Negrín Fajardo. |
| 260 |
_aMadrid : _bInstituto Nacional de la Educación, _c1979. |
||
| 300 |
_a38 f. ; _c32 cm. |
||
| 710 | 2 |
_aInstituto Nacional de Ciencias de la Educación (España) _9134529 |
|
| 852 |
_aES-MaACL _jA-9899 _bR.99353 |
||
| 999 |
_c111265 _d111265 |
||